Statistics for Demi Lovato songs by album

Click here to take the quiz!

General Stats

  • This quiz has been taken 74 times
  • The average score is 48 of 76

Answer Stats

Demi Lovato Answer % Correct
HERE WE GO AGAINHere We Go Again
97%
CONFIDENTConfident
97%
Don't Forget
95%
Skyscraper
92%
After Shock
92%
Skyscraper (Wizz Dumb remix)
92%
Unbroken
92%
DEMI (Target Exclusive)I Hate You Don't Leave Me
89%
Yes I Am
89%
UNBROKEN (Japanese Bonus)Rascacielo
89%
Cool For The Summer (jump smokers remix)
84%
Cool For The Summer
84%
Cool For The Summer (suraci remix)
84%
DEMIHeart Attack
82%
Neon Lights
79%
Warrior
76%
DON'T FORGETLa La Land
74%
Give Your Heart A Break
74%
Father
74%
Stone Cold
71%
Yes
71%
Made In The USA
71%
Get Back
71%
For The Love Of A Daughter
68%
Catch Me
68%
Gift Of A Friend
66%
Nightingale
66%
Really Don't Care
66%
Everything You're Not
63%
Party
63%
Remember December
63%
Old Ways
63%
You're My Only Shorty
63%
Solo
63%
Kingdom Come
63%
Lightweight
61%
Fix A Heart
61%
Mr Hughes
61%
Two Pieces
61%
Lionheart
61%
Trainwreck
61%
For You
58%
Fire Starter
58%
Got Dynamite
58%
CONFIDENT (Deluxe)Stars
58%
Something That We're Not
55%
Waitin For You
55%
Every Time You Lie
55%
UNBROKENAll Night Long
55%
Who's That Boy
55%
In Case
55%
Together
53%
On The Line
53%
Quiet
53%
Two Worlds Collide
53%
Never Been Hurt
53%
Believe In Me
53%
Hold Up
50%
Without The Love
50%
So Far So Great
50%
Wildfire
50%
World Of Chances
47%
Shouldn't Come Back
47%
Stop The World
47%
Falling Over Me
47%
U Got Nothin On Me
47%
My Love Is Like A Star
47%
In Real Life
45%
Until You're Mine
45%
The Middle
42%
Gonna Get Caught
42%
Mistake
42%
DON'T FORGET (International Bonus)Back Around
39%
DON'T FORGET (Deluxe)Behind Enemy Lines
34%
Lo Que Soy
32%
DEMI (Deluxe)Up
29%

Score Distribution

Percentile by Number Answered

Percent of People with Each Score

Your Score History

You have not taken this quiz